00237nam a22000977a 4500040000700000082000800007100001100015245008100026260002200107300001000129 cSY a579 aRICKER aComputation and interpretation of biological statistics of fish populations  aCANADAbRICc1975 a382p.